[Event "Jogo 01"]
[Site "http://www.queenalice.com/game.php?id=1759779"]
[Date "2021.5.17"]
[Round "-"]
[White "Lintz"]
[Black "frankcasadio"]
[Result "1-0"]
[WhiteElo "1885"]
[BlackElo "2014"]

1. e4 e5 2. Nf3 Nc6 3. Bb5 Bc5 4. c3 d6 5. a4 a6 6. Bxc6+ bxc6 7. d4 exd4 8.
Nxd4 Qf6 9. Be3 Ne7 10. b4 Ba7 11. O-O c5 12. bxc5 Bxc5 13. a5 Bb7 14. f3 h5 15.
Bf2 h4 16. h3 Bc8 17. Re1 Rh6 18. Nf5 Rg6 19. Bxc5 dxc5 20. Nxe7 Qxe7 21. Kf2
Qe5 22. Rg1 Qg3+ 23. Ke2 Bb7 24. Nd2 O-O-O 25. Qe1 Qf4 26. Nb3 Bc6 27. Nxc5 Rd2+
28. Qxd2 Qe5 29. Qe3 Bb5+ 30. Kd2 Rc6 31. Nb3 Rd6+ 32. Kc2 Rd3 33. Qe1 Bc4 34.
Nd4 c5 35. Nb3 Rd7 36. Qe3 Rd3 37. Qxc5+ Qxc5 38. Nxc5 Rd6 39. Rgd1 Rg6 40. Rd2
Rg5 41. Na4 Kc7 42. Nb6 Bb5 43. f4 Rg3 44. Re1 g5 45. f5 g4 46. hxg4 Rxg4 47. c4
Bc6 48. Nd5+ Kc8 49. Ne7+ Kc7 50. Nxc6 Kxc6 51. Ree2 Kc5 52. Kc3 Rg3+ 53. Rd3
Rg4 54. f6 Rf4 55. Rd5+ Kc6 56. e5 Kc7 57. Rd6 Rf5 58. Rxa6 Kb7 59. Rd6 Kc7 60.
a6 Rg5 61. Kb4 Rg4 62. a7 Kb7 63. Ra2 Rg8 64. a8=Q+ Rxa8 65. Rxa8 Kxa8 66. Rd7
Kb8 67. Kc5 Kc8 68. Re7 Kd8 69. Kc6 h3 70. gxh3 1-0